Tvorba a udržiavanie konkurenčnej výhody v podmienkach globalizujúcej sa ekonomiky dizertačná práca
Na minha lista:
| Autor principal: | |
|---|---|
| Autor Corporativo: | |
| Outros Autores: | |
| Formato: | Livro |
| Idioma: | eslovaco |
| Publicado em: |
Bratislava
2010
|
| Assuntos: | |
| Tags: |
Sem tags, seja o primeiro a adicionar uma tag!
|
MARC
| LEADER | 00000nam$a2200000$$$4500 | ||
|---|---|---|---|
| 001 | 0120321 | ||
| 005 | 20240502072341.2 | ||
| 041 | 0 | |a slo | |
| 044 | |a SK | ||
| 245 | 1 | 0 | |a Tvorba a udržiavanie konkurenčnej výhody v podmienkach globalizujúcej sa ekonomiky |b dizertačná práca |c Petra Pötheová ; škol. Štefan Slávik |
| 264 | 1 | |a Bratislava |c 2010 | |
| 300 | |a 143 s. | ||
| 610 | 2 | 0 | |a výhody konkurenčné |
| 610 | 2 | 0 | |a zdroje ľudské |
| 610 | 2 | 0 | |a konkurencieschopnosť |
| 100 | 1 | |a Pötheová, Petra | |
| 700 | 1 | |a Slávik, Štefan, 1955- | |
| 710 | 2 | |a Ekonomická univerzita v Bratislave. Fakulta podnikového manažmentu | |